000 00696nam a22001937a 4500
005 20231204124905.0
010 _a HIN-126435
020 _c295.00
_a9788194131885
035 _aHN-98781
037 _bDBAD/PUB
082 _a
100 _aरज़ा,सोहेल
_959429
245 _aताश के पत्ते/
_cसोहेल रज़ा
250 _a1
260 _aदिल्ली
_bराजपाल एण्ड सन्ज़
_c2020
270 _bदिल्ली
_a1590, मदरसा रोड , कश्मीरी गेट
_e110006
300 _a223पृ;
_c22 सेमी(अजिल्द)
942 _2ddc
_cHN
_h
_mरज़ासो
999 _c199425
_d199425